| 000 | 00676nam a2200265Ia 4500 | ||
|---|---|---|---|
| 008 | 160216s9999 xx 000 0 und d | ||
| 020 | _a0-7216-0045-X | ||
| 050 | _aMAIN QP 34.5 | ||
| 050 | _b.S65 2003 | ||
| 100 | _aSolomon, Eldra Pearl | ||
| 245 | _aIntroduction to human anatomy and physiology / | ||
| 245 | _cEldra Pearl Solomon | ||
| 250 | _a2nd Edition | ||
| 260 | _aSt. Louis, Missouri : | ||
| 260 | _bSaunders. | ||
| 260 | _c2003 | ||
| 300 | _a340 pages : | ||
| 300 | _bcol. ill. ; | ||
| 300 | _c28 cm. | ||
| 500 | _aIncludes index. | ||
| 650 | _aAnatamoy. | ||
| 650 | _aHuman anatomy | ||
| 650 | _aHuman physiology. | ||
| 650 | _aPhysiology. | ||
| 999 |
_c290892 _d290892 |
||